000 00222 a2200097 4500
001 32765
100 _aCastle Frank
245 _aVe-Figure Log & other tables
260 _aLondon
_bOliver & Boyd
_c
090 _c21953
_d21953
942 _aNUST-CAE
_cM
_c13284
999 _c267838
_d267838